[Event "Qatar Masters Open 2014"]
[Site "Doha QAT"]
[Date "2014.11.30"]
[Round "5.49"]
[White "Abdumalik, Zhansaya"]
[Black "Ankit, R. Rajpara"]
[Result "1-0"]
[WhiteElo "2332"]
[BlackElo "2494"]
[PlyCount "75"]
[EventDate "2014.11.26"]
[EventType "swiss"]
[EventRounds "9"]
[EventCountry "QAT"]
[Source "lmi"]
[SourceDate "2014.11.26"]

1. e4 c6 2. d4 d5 3. Nc3 dxe4 4. Nxe4 Bf5 5. Ng3 Bg6 6. h4 h6 7. Nf3 Nd7 8. h5
Bh7 9. Bd3 Bxd3 10. Qxd3 e6 11. Bd2 Ngf6 12. O-O-O Be7 13. Kb1 O-O 14. Ne4 Nxe4
15. Qxe4 Nf6 16. Qe2 Qd5 17. Ne5 Qe4 18. Qxe4 Nxe4 19. Be3 Rfd8 20. g4 c5 21.
f3 cxd4 22. Bxd4 Bc5 23. Bxc5 Nxc5 24. c3 f6 25. Ng6 e5 26. Kc2 Kf7 27. Nh4 Ne6
28. Rxd8 Rxd8 29. Rd1 Rxd1 30. Kxd1 e4 31. fxe4 Nc5 32. Kd2 Nxe4+ 33. Ke3 Nd6
34. Kd4 Ke6 35. c4 b6 36. b4 Nf7 37. Nf5 Ne5 38. Nxg7+ 1-0

[Event "Qatar Masters Open 2014"]
[Site "Doha QAT"]
[Date "2014.11.30"]
[Round "5.50"]
[White "Mammadzada, Gunay"]
[Black "Carlsson, Pontus"]
[Result "1-0"]
[WhiteElo "2316"]
[BlackElo "2492"]
[PlyCount "103"]
[EventDate "2014.11.26"]
[EventType "swiss"]
[EventRounds "9"]
[EventCountry "QAT"]
[Source "lmi"]
[SourceDate "2014.11.26"]

1. e4 c5 2. Nf3 d6 3. d4 cxd4 4. Nxd4 Nf6 5. Nc3 g6 6. Be3 a6 7. f3 b5 8. Qd2
Bb7 9. a4 b4 10. Na2 e5 11. Qxb4 Qc7 12. Nb3 d5 13. Qb6 Qxb6 14. Bxb6 Nbd7 15.
Bf2 dxe4 16. Na5 Bd5 17. c4 Be6 18. b4 Bh6 19. Be2 exf3 20. gxf3 Nh5 21. c5 Nf4
22. Nc3 Nf6 23. c6 Ng2+ 24. Kf1 Ne3+ 25. Bxe3 Bxe3 26. Bc4 Bd2 27. Na2 Nd5 28.
Bxd5 Bxd5 29. Ke2 Bf4 30. Nc3 O-O-O 31. b5 Bxf3+ 32. Kxf3 Rd3+ 33. Ke2 Rxc3 34.
Rhd1 Rc2+ 35. Kd3 Rxh2 36. b6 Bd2 37. Nb7 e4+ 38. Kd4 Bf4 39. Kxe4 Rf2 40. Kd5
Re8 41. Nc5 Bg3 42. Nxa6 Rf5+ 43. Kc4 Rf4+ 44. Kb5 Rf5+ 45. Nc5 Bf2 46. Rac1
Be3 47. Rc3 Bf2 48. a5 h5 49. a6 Bxc5 50. Rxc5 Rxc5+ 51. Kxc5 Re5+ 52. Rd5 1-0

[Event "Qatar Masters Open 2014"]
[Site "Doha QAT"]
[Date "2014.11.30"]
[Round "5.51"]
[White "Sargissian, Gabriel"]
[Black "Nezad, Husein Aziz"]
[Result "1-0"]
[WhiteElo "2687"]
[BlackElo "2396"]
[PlyCount "77"]
[EventDate "2014.11.26"]
[EventType "swiss"]
[EventRounds "9"]
[EventCountry "QAT"]
[Source "lmi"]
[SourceDate "2014.11.26"]

1. d4 d5 2. c4 dxc4 3. e3 Nf6 4. Bxc4 e6 5. Nf3 c5 6. O-O a6 7. b3 Nc6 8. Bb2
cxd4 9. Nxd4 Bd7 10. Be2 Be7 11. Bf3 Rc8 12. Nxc6 Bxc6 13. Qxd8+ Kxd8 14. Rd1+
Kc7 15. Nd2 b5 16. a4 Bxf3 17. Nxf3 bxa4 18. bxa4 Rhd8 19. Bd4 Bd6 20. Ng5 Rd7
21. Rac1+ Kb7 22. Rb1+ Ka8 23. Bxf6 gxf6 24. Nxf7 Rc6 25. Nxd6 Rdxd6 26. Rxd6
Rxd6 27. g4 Ka7 28. Kg2 Rc6 29. Rb4 e5 30. h4 a5 31. Re4 Kb6 32. g5 Kc5 33. f4
Kd5 34. Kf3 exf4 35. exf4 Kc5 36. Kg4 fxg5 37. hxg5 Rb6 38. Re7 h6 39. Re5+ 1-0

[Event "Qatar Masters Open 2014"]
[Site "Doha QAT"]
[Date "2014.11.30"]
[Round "5.52"]
[White "Gaponenko, Inna"]
[Black "Bartel, Mateusz"]
[Result "0-1"]
[WhiteElo "2381"]
[BlackElo "2662"]
[PlyCount "72"]
[EventDate "2014.11.26"]
[EventType "swiss"]
[EventRounds "9"]
[EventCountry "QAT"]
[Source "lmi"]
[SourceDate "2014.11.26"]

1. e4 c5 2. Nf3 d6 3. d4 cxd4 4. Nxd4 Nf6 5. Nc3 Nc6 6. Bg5 Qb6 7. Nb3 e6 8.
Qd2 Be7 9. O-O-O O-O 10. f3 Rd8 11. h4 d5 12. exd5 Nxd5 13. Bxe7 Ndxe7 14. Bd3
a5 15. a4 Bd7 16. h5 h6 17. Bb5 e5 18. Qe2 Be6 19. Bc4 Nd4 20. Nxd4 exd4 21.
Bxe6 dxc3 22. Bb3 Nf5 23. Qc4 cxb2+ 24. Kxb2 Qf6+ 25. Qc3 Nd4 26. Kb1 Rac8 27.
Qb2 b5 28. axb5 Qb6 29. Rd3 Nxb5 30. Ka1 Qc5 31. Re1 a4 32. Rxd8+ Rxd8 33. Ba2
Nc3 34. g4 Qd4 35. Bb1 a3 36. Qb3 a2 0-1

[Event "Qatar Masters Open 2014"]
[Site "Doha QAT"]
[Date "2014.11.30"]
[Round "5.53"]
[White "L'Ami, Alina"]
[Black "Anton Guijarro, David"]
[Result "0-1"]
[WhiteElo "2393"]
[BlackElo "2607"]
[PlyCount "64"]
[EventDate "2014.11.26"]
[EventType "swiss"]
[EventRounds "9"]
[EventCountry "QAT"]
[Source "lmi"]
[SourceDate "2014.11.26"]

1. d4 f5 2. Nc3 Nf6 3. Bg5 d5 4. e3 e6 5. Nf3 a6 6. Be2 Be7 7. O-O O-O 8. Ne5
c5 9. Na4 cxd4 10. exd4 b5 11. Nc3 Bd7 12. Bd3 Nc6 13. Nxc6 Bxc6 14. Re1 Ne4
15. Bxe7 Qxe7 16. Ne2 Qh4 17. g3 Qh6 18. f4 Be8 19. Bxe4 fxe4 20. Qd2 Ra7 21.
a4 bxa4 22. Nc3 Raf7 23. h4 Rxf4 24. gxf4 Rxf4 25. Re2 Bh5 26. Rg2 e3 27. Qd3
Bf3 28. Qxe3 Bxg2 29. Re1 Be4 30. Nxe4 dxe4 31. Qg3 Qf6 32. c3 h5 0-1

[Event "Qatar Masters Open 2014"]
[Site "Doha QAT"]
[Date "2014.11.30"]
[Round "5.54"]
[White "Halkias, Stelios"]
[Black "Gomes, Mary Ann"]
[Result "1-0"]
[WhiteElo "2519"]
[BlackElo "2355"]
[PlyCount "199"]
[EventDate "2014.11.26"]
[EventType "swiss"]
[EventRounds "9"]
[EventCountry "QAT"]
[Source "lmi"]
[SourceDate "2014.11.26"]

1. e4 c5 2. Nf3 d6 3. Bb5+ Nd7 4. O-O a6 5. Bd3 g6 6. c3 Bg7 7. Bc2 e5 8. d4
Ne7 9. a4 O-O 10. dxe5 dxe5 11. Qd6 Nc6 12. Na3 Re8 13. Bg5 Bf6 14. Bxf6 Qxf6
15. Nc4 Qxd6 16. Nxd6 Re7 17. Rfd1 Nf6 18. h3 h6 19. Nc4 Rb8 20. a5 Kg7 21. Nb6
Be6 22. Nd2 Nd7 23. Nd5 Bxd5 24. exd5 Na7 25. Ba4 Rd8 26. Ne4 f5 27. d6 Rf7 28.
Bxd7 fxe4 29. Ba4 Nc6 30. Bxc6 bxc6 31. Ra4 Rb7 32. Rxe4 Kf6 33. b4 cxb4 34.
cxb4 Ke6 35. Rde1 Rb5 36. f4 Kxd6 37. fxe5+ Ke6 38. Rc4 Rc8 39. Rec1 Kxe5 40.
Rxc6 Rxc6 41. Rxc6 g5 42. Rxh6 Rxb4 43. Rxa6 Ra4 44. Ra8 Ra2 45. Kh2 Ra3 46.
Kg1 Ra2 47. a6 Kf6 48. Kf1 Kg7 49. g3 Ra3 50. Kf2 Kh7 51. a7 Kg7 52. Ke2 Kh7
53. Kd2 Kg7 54. Kc2 Ra2+ 55. Kb3 Ra1 56. Kb4 Rb1+ 57. Kc5 Ra1 58. Kd6 Ra6+ 59.
Ke5 Ra5+ 60. Ke6 Ra6+ 61. Kf5 Ra5+ 62. Kg4 Ra3 63. Kh5 Kh7 64. Rf8 Rxa7 65.
Kxg5 Ra3 66. Kg4 Kg6 67. h4 Ra4+ 68. Rf4 Ra5 69. Rc4 Ra6 70. h5+ Kh6 71. Kh4
Ra1 72. Rc6+ Kh7 73. g4 Kg7 74. Rc7+ Kg8 75. h6 Rh1+ 76. Kg5 Ra1 77. Rg7+ Kh8
78. Rf7 Rg1 79. Kh5 Kg8 80. Rd7 Ra1 81. g5 Ra5 82. Re7 Rb5 83. Kg6 Rb6+ 84. Kf5
Rb5+ 85. Re5 Rb1 86. Re8+ Kh7 87. Re7+ Kg8 88. Rg7+ Kh8 89. Rf7 Kg8 90. Kg6
Rb6+ 91. Rf6 Rb8 92. Rf5 Rb6+ 93. Kh5 Rb1 94. Rc5 Rb8 95. g6 Ra8 96. Kg5 Rb8
97. Rf5 Ra8 98. h7+ Kg7 99. Rf7+ Kh8 100. Kh6 1-0

[Event "Qatar Masters Open 2014"]
[Site "Doha QAT"]
[Date "2014.11.30"]
[Round "5.56"]
[White "Gomez, John Paul"]
[Black "Nemcova, Katerina"]
[Result "1-0"]
[WhiteElo "2510"]
[BlackElo "2312"]
[PlyCount "97"]
[EventDate "2014.11.26"]
[EventType "swiss"]
[EventRounds "9"]
[EventCountry "QAT"]
[Source "lmi"]
[SourceDate "2014.11.26"]

1. e4 e5 2. Nf3 Nc6 3. Bb5 a6 4. Ba4 Nf6 5. d3 d6 6. c3 g6 7. O-O Bg7 8. Re1
O-O 9. Nbd2 Nd7 10. a3 Nc5 11. Bc2 Ne6 12. Nf1 h6 13. Bb3 Qf6 14. h4 Nc5 15.
Bc2 Bg4 16. N1h2 Bxf3 17. Nxf3 Rad8 18. b4 Ne6 19. Bb3 Ne7 20. g3 c5 21. Bd2
Nc6 22. h5 g5 23. Nh2 Rfe8 24. Ng4 Qe7 25. Ne3 b5 26. Qg4 Kh8 27. Reb1 Rd7 28.
Bd5 Rc7 29. a4 cxb4 30. axb5 axb5 31. Bxc6 Rxc6 32. Rxb4 Rb8 33. Nd5 Qd7 34.
Rab1 Rcc8 35. Be3 Qe8 36. Bb6 Nc5 37. Bxc5 Rxc5 38. c4 Qe6 39. Qf3 Qd7 40. Rxb5
Rcxb5 41. cxb5 Rxb5 42. Rxb5 Qxb5 43. Qxf7 Qb8 44. Ne7 Qd8 45. Kg2 Qb8 46. Nf5
Qf8 47. Qg6 Qf6 48. Qxf6 Bxf6 49. Nxh6 1-0

[Event "Qatar Masters Open 2014"]
[Site "Doha QAT"]
[Date "2014.11.30"]
[Round "5.57"]
[White "Harika, Dronavalli"]
[Black "Hedman, Erik"]
[Result "1-0"]
[WhiteElo "2505"]
[BlackElo "2370"]
[PlyCount "63"]
[EventDate "2014.11.26"]
[EventType "swiss"]
[EventRounds "9"]
[EventCountry "QAT"]
[Source "lmi"]
[SourceDate "2014.11.26"]

1. d4 Nf6 2. Nf3 c5 3. e3 g6 4. dxc5 Qa5+ 5. Nbd2 Bg7 6. a3 Qxc5 7. b4 Qc7 8.
Bb2 O-O 9. c4 a5 10. Be2 Nc6 11. Qb3 d6 12. O-O e5 13. Rac1 Bf5 14. Rfd1 axb4
15. axb4 Rfd8 16. Bc3 b6 17. h3 h6 18. Qb2 Ra7 19. Ra1 Rda8 20. Rxa7 Qxa7 21.
Nh4 Qa2 22. Nxf5 gxf5 23. Qb1 Qa3 24. b5 Nd4 25. Bxd4 exd4 26. exd4 d5 27. Qxf5
Re8 28. Bf3 Qc3 29. cxd5 Qxd4 30. Nf1 Qc5 31. Ne3 Qxb5 32. d6 1-0

[Event "Qatar Masters Open 2014"]
[Site "Doha QAT"]
[Date "2014.11.30"]
[Round "5.58"]
[White "Danielian, Elina"]
[Black "Kathmale, Sameer"]
[Result "1-0"]
[WhiteElo "2487"]
[BlackElo "2267"]
[PlyCount "59"]
[EventDate "2014.11.26"]
[EventType "swiss"]
[EventRounds "9"]
[EventCountry "QAT"]
[Source "lmi"]
[SourceDate "2014.11.26"]

1. Nf3 Nf6 2. c4 c6 3. e3 d5 4. Nc3 a6 5. d4 g6 6. Bd3 Bg7 7. O-O O-O 8. h3
dxc4 9. Bxc4 Ne8 10. e4 Nd6 11. Bb3 Nb5 12. Be3 Nd7 13. Nxb5 axb5 14. Qc2 Nb6
15. Rad1 Nc4 16. Bxc4 bxc4 17. Qxc4 Be6 18. d5 cxd5 19. exd5 Bd7 20. Bd4 Bxd4
21. Rxd4 Ra5 22. Re1 Re8 23. b4 Ra3 24. Ne5 Rf8 25. Qc1 Rxa2 26. Qh6 Bf5 27.
Rh4 g5 28. Qxg5+ Bg6 29. Qh6 Bf5 30. Re3 1-0

[Event "Qatar Masters Open 2014"]
[Site "Doha QAT"]
[Date "2014.11.30"]
[Round "5.59"]
[White "Basso, Pier Luigi"]
[Black "Georgiadis, Nico"]
[Result "0-1"]
[WhiteElo "2335"]
[BlackElo "2460"]
[PlyCount "106"]
[EventDate "2014.11.26"]
[EventType "swiss"]
[EventRounds "9"]
[EventCountry "QAT"]
[Source "lmi"]
[SourceDate "2014.11.26"]

1. c4 f5 2. g3 Nf6 3. Bg2 g6 4. Nc3 Bg7 5. d4 O-O 6. Nf3 d6 7. d5 Na6 8. O-O
Nc5 9. Be3 e6 10. dxe6 Nxe6 11. Nd4 c6 12. Nxe6 Bxe6 13. b3 Qa5 14. Qd2 Rad8
15. Rad1 Ng4 16. Bd4 Bh6 17. Qb2 c5 18. b4 Qxb4 19. Qxb4 cxb4 20. Nd5 b6 21.
Rb1 Bg7 22. Bxg7 Kxg7 23. Rxb4 Rc8 24. Rd1 Rf7 25. a4 Rd7 26. f4 Rc5 27. h3
Bxd5 28. Bxd5 Ne3 29. Rd3 Nxd5 30. Rxd5 Rxd5 31. cxd5 Rc7 32. Kf2 Rc5 33. Rd4
Kf6 34. Kf3 h5 35. e3 Rc3 36. Rb4 Rc5 37. Rd4 a5 38. g4 h4 39. gxf5 gxf5 40.
Rd2 b5 41. axb5 Rxb5 42. Rd4 Ke7 43. e4 Rb4 44. Rd2 Rb3+ 45. Kg2 Rg3+ 46. Kh2
fxe4 47. Rd4 Re3 48. Ra4 Kf6 49. Rxa5 Rd3 50. Ra8 Rxd5 51. Rf8+ Ke7 52. Rh8
Rd2+ 53. Kg1 e3 0-1

[Event "Qatar Masters Open 2014"]
[Site "Doha QAT"]
[Date "2014.11.30"]
[Round "5.60"]
[White "Mamedjarova, Zeinab"]
[Black "Neelotpal, Das"]
[Result "0-1"]
[WhiteElo "2241"]
[BlackElo "2424"]
[PlyCount "106"]
[EventDate "2014.11.26"]
[EventType "swiss"]
[EventRounds "9"]
[EventCountry "QAT"]
[Source "lmi"]
[SourceDate "2014.11.26"]

1. d4 Nf6 2. c4 e6 3. Nc3 Bb4 4. Qc2 O-O 5. e4 d6 6. Bg5 h6 7. Bxf6 Qxf6 8. a3
Bxc3+ 9. Qxc3 c5 10. e5 cxd4 11. exf6 dxc3 12. fxg7 Rd8 13. bxc3 Na6 14. Be2 e5
15. Nf3 Nc5 16. Nd2 Kxg7 17. O-O Be6 18. f4 Rac8 19. f5 Bd7 20. f6+ Kh8 21. Bh5
Be6 22. a4 a5 23. Rfb1 e4 24. Kf2 d5 25. Be2 dxc4 26. Ke3 Rc6 27. Ra2 Rcd6 28.
Rf1 Rd5 29. g4 Nxa4 30. Rxa4 Rxd2 31. Rxa5 Rb2 32. g5 Rc2 33. gxh6 Rxc3+ 34.
Kxe4 Rh3 35. Rc5 b6 36. Rb5 Rxh2 37. Bh5 c3 38. Rc1 Rh4+ 39. Ke3 Rh3+ 40. Ke4
Rd6 41. Rg5 Rc6 42. Be2 Rxh6 43. Rcg1 Rc8 44. Ba6 Rd8 45. Bb7 Rh4+ 46. Ke5 b5
47. Rh1 Rxh1 48. Bxh1 c2 49. Rh5+ Kg8 50. Rg5+ Kh7 51. Be4+ Kh6 52. Rg1 Rd1 53.
Rg2 c1=Q 0-1

[Event "Qatar Masters Open 2014"]
[Site "Doha QAT"]
[Date "2014.11.30"]
[Round "5.61"]
[White "Sundararajan, Kidambi"]
[Black "Nuri, Kambez"]
[Result "1-0"]
[WhiteElo "2415"]
[BlackElo "2300"]
[PlyCount "61"]
[EventDate "2014.11.26"]
[EventType "swiss"]
[EventRounds "9"]
[EventCountry "QAT"]
[Source "lmi"]
[SourceDate "2014.11.26"]

1. g3 d5 2. Nf3 e6 3. Bg2 c5 4. O-O Nf6 5. c4 Be7 6. b3 O-O 7. Bb2 d4 8. e3 Nc6
9. exd4 cxd4 10. Re1 Re8 11. d3 Bf8 12. a3 a5 13. Ne5 Nxe5 14. Rxe5 Nd7 15. Rb5
Nb6 16. Qe1 a4 17. b4 Bd7 18. Ra5 Bc6 19. Rxa8 Nxa8 20. Nd2 e5 21. Bxc6 bxc6
22. Qd1 Nb6 23. c5 Nd5 24. Qxa4 Qd7 25. Re1 Re6 26. Qd1 Rh6 27. Rxe5 Qh3 28.
Nf1 Rg6 29. Qf3 Rf6 30. Qe2 Rg6 31. Bxd4 1-0

[Event "Qatar Masters Open 2014"]
[Site "Doha QAT"]
[Date "2014.11.30"]
[Round "5.62"]
[White "Seyb, Alexander"]
[Black "Tomashevskaya, Lidia"]
[Result "1/2-1/2"]
[WhiteElo "2412"]
[BlackElo "2210"]
[PlyCount "79"]
[EventDate "2014.11.26"]
[EventType "swiss"]
[EventRounds "9"]
[EventCountry "QAT"]
[Source "lmi"]
[SourceDate "2014.11.26"]

1. e4 e5 2. Nf3 Nc6 3. Bb5 a6 4. Ba4 Nf6 5. O-O Be7 6. Re1 b5 7. Bb3 d6 8. c3
O-O 9. a4 Bb7 10. d4 exd4 11. cxd4 Na5 12. Bc2 c5 13. Nbd2 Nd7 14. Nf1 Bf6 15.
Bf4 Re8 16. axb5 axb5 17. Ng3 g6 18. Bxd6 cxd4 19. Bf4 Nc6 20. Rxa8 Bxa8 21.
Bd3 Qb6 22. Qb3 b4 23. Bf1 Nde5 24. Nxe5 Nxe5 25. h3 Nd7 26. Bd2 Nc5 27. Qxb4
Qxb4 28. Bxb4 Nxe4 29. Bd3 Nd6 30. Ra1 Be5 31. Ra7 f6 32. Bc5 Bc6 33. Ne2 Bb5
34. Ra3 Bxd3 35. Rxd3 Nb5 36. f4 Bd6 37. Bxd6 Rxe2 38. Bc5 Rxb2 39. Bxd4 Nxd4
40. Rxd4 1/2-1/2

[Event "Qatar Masters Open 2014"]
[Site "Doha QAT"]
[Date "2014.11.30"]
[Round "5.64"]
[White "Karthikeyan, Murali"]
[Black "Kochetkova, Julia"]
[Result "1-0"]
[WhiteElo "2497"]
[BlackElo "2345"]
[PlyCount "33"]
[EventDate "2014.11.26"]
[EventType "swiss"]
[EventRounds "9"]
[EventCountry "QAT"]
[Source "lmi"]
[SourceDate "2014.11.26"]

1. e4 d6 2. d4 Nf6 3. Nc3 e5 4. dxe5 dxe5 5. Qxd8+ Kxd8 6. Bg5 c6 7. f4 Nbd7 8.
Nf3 h6 9. Bh4 Ke8 10. fxe5 Ng4 11. Bg3 Nb6 12. Bd3 Ne3 13. Ke2 Nxg2 14. h4 Bc5
15. Nd1 g5 16. hxg5 h5 17. b4 1-0

[Event "Qatar Masters Open 2014"]
[Site "Doha QAT"]
[Date "2014.11.30"]
[Round "5.65"]
[White "Shyam, Sundar M"]
[Black "Gaehwiler, Gabriel"]
[Result "1-0"]
[WhiteElo "2484"]
[BlackElo "2334"]
[PlyCount "53"]
[EventDate "2014.11.26"]
[EventType "swiss"]
[EventRounds "9"]
[EventCountry "QAT"]
[Source "lmi"]
[SourceDate "2014.11.26"]

1. d4 d5 2. Nf3 Nf6 3. c4 c6 4. Nbd2 g6 5. g3 Bg7 6. Bg2 O-O 7. O-O Nbd7 8. Qc2
c5 9. cxd5 cxd4 10. Nxd4 Nxd5 11. N2b3 N7b6 12. Rd1 e5 13. Nb5 Nb4 14. Qd2 Be6
15. Nc5 Nc4 16. Qxd8 Raxd8 17. Rxd8 Rxd8 18. Bg5 Rc8 19. Nxe6 fxe6 20. Bh3 Rc6
21. Nxa7 Ra6 22. Rc1 Nxb2 23. Rc8+ Kf7 24. Rc7+ Kg8 25. Rxb7 Bf8 26. a3 Bc5 27.
axb4 1-0

[Event "Qatar Masters Open 2014"]
[Site "Doha QAT"]
[Date "2014.11.30"]
[Round "5.66"]
[White "Salih, Akar Ali Salih"]
[Black "Das, Sayantan"]
[Result "0-1"]
[WhiteElo "2284"]
[BlackElo "2444"]
[PlyCount "82"]
[EventDate "2014.11.26"]
[EventType "swiss"]
[EventRounds "9"]
[EventCountry "QAT"]
[Source "lmi"]
[SourceDate "2014.11.26"]

1. e4 e6 2. d4 d5 3. Nd2 c5 4. exd5 exd5 5. Ngf3 Nc6 6. Bb5 Qe7+ 7. Be2 Qc7 8.
O-O Nf6 9. Re1 cxd4 10. Nb3 Be7 11. Nfxd4 O-O 12. c3 a6 13. Bg5 Ne5 14. Nf3 Nc4
15. Qc2 b5 16. Rad1 Bb7 17. Nbd4 Rae8 18. Nf5 Bd8 19. N3d4 Ng4 20. Bxg4 Bxg5
21. Be2 g6 22. Nf3 Bf6 23. N5d4 Qa5 24. Ra1 b4 25. cxb4 Qxb4 26. a3 Qb6 27. b3
Nxa3 28. Rxa3 Bxd4 29. Nxd4 Qxd4 30. Rea1 Qe5 31. Bf1 Re6 32. h3 Rc8 33. Qd2
Rcc6 34. Ra5 Rb6 35. b4 Qf6 36. Rd1 Red6 37. b5 axb5 38. Bxb5 Re6 39. Qd4 Re1+
40. Kh2 Rxd1 41. Qxd1 Qc3 0-1

[Event "Qatar Masters Open 2014"]
[Site "Doha QAT"]
[Date "2014.11.30"]
[Round "5.67"]
[White "Goh, Wei Ming Kevin"]
[Black "Gholami, Aryan"]
[Result "1-0"]
[WhiteElo "2442"]
[BlackElo "2333"]
[PlyCount "67"]
[EventDate "2014.11.26"]
[EventType "swiss"]
[EventRounds "9"]
[EventCountry "QAT"]
[Source "lmi"]
[SourceDate "2014.11.26"]

1. e4 c5 2. Nf3 e6 3. d4 cxd4 4. Nxd4 a6 5. Nc3 Qc7 6. Bd3 Nc6 7. Nxc6 dxc6 8.
O-O Nf6 9. f4 e5 10. Kh1 Bc5 11. Qe1 Ng4 12. Qg3 h5 13. f5 Bd7 14. Bg5 f6 15.
Bh4 O-O-O 16. h3 Rh6 17. Qe1 Bd4 18. hxg4 hxg4 19. g3 Qb6 20. Nd1 Qa7 21. Rb1
a5 22. a4 Kb8 23. Kg2 Rhh8 24. b4 axb4 25. Qxb4 c5 26. Qe1 Qxa4 27. c3 Bc6 28.
cxd4 Rxd4 29. Nc3 Qa3 30. Bb5 Rd6 31. Bxc6 Rxc6 32. Rf2 c4 33. Rfb2 Rc7 34. Ra2
1-0

[Event "Qatar Masters Open 2014"]
[Site "Doha QAT"]
[Date "2014.11.30"]
[Round "5.68"]
[White "Pourkashiyan, Atousa"]
[Black "Sukandar, Irine Kharisma"]
[Result "1-0"]
[WhiteElo "2312"]
[BlackElo "2407"]
[PlyCount "125"]
[EventDate "2014.11.26"]
[EventType "swiss"]
[EventRounds "9"]
[EventCountry "QAT"]
[Source "lmi"]
[SourceDate "2014.11.26"]

1. e4 e5 2. Nf3 Nc6 3. Bb5 a6 4. Ba4 Nf6 5. O-O Be7 6. Re1 b5 7. Bb3 d6 8. c3
O-O 9. h3 Na5 10. Bc2 c5 11. d4 cxd4 12. cxd4 Qc7 13. Nbd2 Rd8 14. d5 Bd7 15.
Nf1 Rdc8 16. Bd3 Nb7 17. Be3 Nc5 18. Rc1 Qb8 19. Ng3 Nxd3 20. Qxd3 Qb7 21. b4
a5 22. a3 Bd8 23. Nd2 axb4 24. axb4 Ra4 25. Rxc8 Qxc8 26. Rb1 Ne8 27. Kh2 Nc7
28. Rb3 Na6 29. Qb1 Qa8 30. Ne2 Nc7 31. Nc3 Ra1 32. Qd3 g6 33. f4 Bf6 34. Nf3
Qe8 35. Qd2 exf4 36. Bxf4 Ra6 37. Bg3 h5 38. Rb1 Qe7 39. Re1 Ra3 40. e5 h4 41.
Bf4 Bg7 42. exd6 Qf8 43. Nb1 Rxf3 44. gxf3 Ne8 45. Re7 Nf6 46. Be5 Qc8 47. Nc3
Bxh3 48. Qf4 Bf5 49. Qd4 Qa6 50. Bxf6 Qxd6+ 51. Be5 Qxe7 52. Bxg7 Qe1 53. Be5
f6 54. Bb8 g5 55. Ne4 Qf1 56. Nxf6+ Kf7 57. Ng4 Bxg4 58. Qxg4 Qe2+ 59. Kh3 Qf1+
60. Qg2 Qd3 61. Qxg5 Qxf3+ 62. Kh2 Qe2+ 63. Qg2 1-0

[Event "Qatar Masters Open 2014"]
[Site "Doha QAT"]
[Date "2014.11.30"]
[Round "5.69"]
[White "Caprio, Guido"]
[Black "Gara, Ticia"]
[Result "1-0"]
[WhiteElo "2401"]
[BlackElo "2326"]
[PlyCount "127"]
[EventDate "2014.11.26"]
[EventType "swiss"]
[EventRounds "9"]
[EventCountry "QAT"]
[Source "lmi"]
[SourceDate "2014.11.26"]

1. Nf3 Nf6 2. g3 g6 3. Bg2 Bg7 4. O-O O-O 5. d3 d5 6. a3 c5 7. Nc3 Nc6 8. Rb1
Qc7 9. Bg5 Rd8 10. Qc1 Bg4 11. h3 Bxf3 12. Bxf3 d4 13. Bxf6 exf6 14. Nd5 Qe5
15. Nf4 Rac8 16. c4 dxc3 17. bxc3 b6 18. Qc2 Bh6 19. e3 Bxf4 20. gxf4 Qd6 21.
Rbd1 f5 22. Qa2 Qe6 23. Qxe6 fxe6 24. Rd2 Na5 25. Rfd1 Kf7 26. h4 Rd7 27. Kf1
Rcd8 28. Ke2 Kf6 29. Bg2 Nb3 30. Rc2 Na5 31. Bf1 Rc7 32. Rcc1 Nc6 33. Bg2 e5
34. fxe5+ Nxe5 35. f4 Nf7 36. e4 fxe4 37. dxe4 Rcd7 38. e5+ Ke7 39. Rxd7+ Kxd7
40. a4 Ke7 41. Be4 Rf8 42. Ke3 Nh6 43. Rg1 Nf5+ 44. Bxf5 Rxf5 45. Rg5 Ke6 46.
Ke4 a6 47. c4 a5 48. Rg2 Rh5 49. Rh2 Ke7 50. Kf3 Kd7 51. Kg4 Rf5 52. Rd2+ Kc7
53. Rd6 Rf7 54. Kf3 Re7 55. Ke4 Rf7 56. h5 gxh5 57. Rh6 Rd7 58. e6 Rd4+ 59. Ke5
Rxc4 60. Rxh7+ Kc6 61. f5 Rc1 62. Rxh5 c4 63. Rh4 Re1+ 64. Re4 1-0

[Event "Qatar Masters Open 2014"]
[Site "Doha QAT"]
[Date "2014.11.30"]
[Round "5.70"]
[White "Studer, Noel"]
[Black "Belouadah, Saad"]
[Result "0-1"]
[WhiteElo "2395"]
[BlackElo "2305"]
[PlyCount "66"]
[EventDate "2014.11.26"]
[EventType "swiss"]
[EventRounds "9"]
[EventCountry "QAT"]
[Source "lmi"]
[SourceDate "2014.11.26"]

1. e4 d6 2. d4 Nf6 3. Nc3 e5 4. Nf3 Nbd7 5. Bc4 Be7 6. O-O O-O 7. a4 c6 8. Re1
a5 9. b3 exd4 10. Nxd4 Nb6 11. Bf1 d5 12. e5 Ne8 13. Qd3 g6 14. Bh6 Ng7 15.
Rad1 Nd7 16. Qe3 Nc5 17. Kh1 Nce6 18. Nxe6 fxe6 19. Bxg7 Kxg7 20. f4 Bb4 21. g3
c5 22. Qd3 b6 23. Re2 Bb7 24. Nb5 c4 25. Qf3 Rc8 26. Nd4 Qd7 27. Bh3 Rfe8 28.
Qg4 Bc5 29. Nxe6+ Rxe6 30. Qxe6 d4+ 31. Kg1 d3+ 32. Kf1 dxe2+ 33. Kxe2 Bf3+ 0-1

[Event "Qatar Masters Open 2014"]
[Site "Doha QAT"]
[Date "2014.11.30"]
[Round "5.71"]
[White "Daulyte, Deimante"]
[Black "Liang, Awonder"]
[Result "1-0"]
[WhiteElo "2364"]
[BlackElo "2266"]
[PlyCount "57"]
[EventDate "2014.11.26"]
[EventType "swiss"]
[EventRounds "9"]
[EventCountry "QAT"]
[Source "lmi"]
[SourceDate "2014.11.26"]

1. e4 c5 2. Nf3 d6 3. d4 cxd4 4. Qxd4 a6 5. h3 Nc6 6. Qe3 Nf6 7. c4 g6 8. Be2
Bg7 9. O-O O-O 10. Nc3 Rb8 11. Rd1 Bd7 12. Rb1 Ne8 13. b4 Nc7 14. c5 dxc5 15.
bxc5 e5 16. Nd5 Nd4 17. Nxd4 exd4 18. Rxd4 Bc6 19. Rd1 Re8 20. Nb4 Qe7 21. Nxc6
bxc6 22. Rb6 Ne6 23. Rxc6 Bd4 24. Rxe6 Bxe3 25. Rxe7 Bxf2+ 26. Kxf2 Rxe7 27.
Bg5 f6 28. Bxf6 Rf8 29. Bc4+ 1-0

[Event "Qatar Masters Open 2014"]
[Site "Doha QAT"]
[Date "2014.11.30"]
[Round "5.72"]
[White "Kharous, Ernest"]
[Black "Gu, Xiaobing"]
[Result "1-0"]
[WhiteElo "2358"]
[BlackElo "2283"]
[PlyCount "65"]
[EventDate "2014.11.26"]
[EventType "swiss"]
[EventRounds "9"]
[EventCountry "QAT"]
[Source "lmi"]
[SourceDate "2014.11.26"]

1. e4 c5 2. Nc3 a6 3. f4 b5 4. Nf3 Bb7 5. d3 e6 6. Be2 d5 7. O-O b4 8. f5 bxc3
9. fxe6 f6 10. bxc3 dxe4 11. Nh4 Qd5 12. Rb1 Ra7 13. Bh5+ Ke7 14. Nf5+ Kd8 15.
dxe4 Qxd1 16. Rxd1+ Kc8 17. Bf4 Nc6 18. Rd7 Ne5 19. Rbd1 Ra8 20. Bxe5 fxe5 21.
e7 Nxe7 22. Nxe7+ Bxe7 23. Rxe7 Kb8 24. Rb1 Ra7 25. Bf7 Ka8 26. Rbxb7 Rxb7 27.
Bd5 Rhb8 28. Rxg7 Ka7 29. Rxb7+ Rxb7 30. Bxb7 Kxb7 31. g4 Kc6 32. h4 Kd6 33. c4
1-0

[Event "Qatar Masters Open 2014"]
[Site "Doha QAT"]
[Date "2014.11.30"]
[Round "5.73"]
[White "Bologan, Viktor"]
[Black "Dimitrijevic, Aleksandra"]
[Result "1-0"]
[WhiteElo "2643"]
[BlackElo "2323"]
[PlyCount "75"]
[EventDate "2014.11.26"]
[EventType "swiss"]
[EventRounds "9"]
[EventCountry "QAT"]
[Source "lmi"]
[SourceDate "2014.11.26"]

1. d4 d6 2. c4 Nf6 3. Nc3 Bf5 4. Nf3 h6 5. g3 c6 6. Bg2 Qc7 7. O-O e5 8. c5
dxc5 9. dxe5 Ng4 10. Nh4 Bh7 11. f4 c4 12. e3 h5 13. h3 g5 14. Nf3 gxf4 15.
hxg4 hxg4 16. Ng5 f3 17. Qd4 Bf5 18. Nce4 Rh6 19. Bxf3 gxf3 20. Rxf3 Be6 21.
Nf6+ Rxf6 22. Rxf6 Bd5 23. e4 Nd7 24. Rd6 Bxd6 25. exd6 Qxd6 26. Bf4 Qf6 27.
Qxf6 Nxf6 28. exd5 cxd5 29. Re1+ Kf8 30. Bd6+ Kg8 31. Re7 Re8 32. Rxb7 d4 33.
Nxf7 d3 34. Nh6+ Kh8 35. Be5 Rxe5 36. Nf7+ Kg8 37. Nxe5 d2 38. Rb8+ 1-0